000 01020nam a22002777a 4500
008 081212t xxu||||| |||| 00| 0beng d
010 _aENG-98677
020 _c595.00
_a9780415564441
035 _aEN-82209
037 _bDBAD / PUB
040 _adpl
_bEnglish
082 _a355.020954
100 _93724
245 _aArmed conflicts in south asia 2009:
_cedited by D. Suba Chandran [and] P.R. Chari
_bcontinuing violence, failing peace processes/
260 _aNew Delhi
_bRoutledge
_c2010
270 _a912-915 Tolstoy House, 15-17 Tolstoy Marg,
_bNew Delhi
_e110001
300 _axiii, 240p.
_c22cm (Hb)
500 _aIncludes index
505 _a
600 _aBaba Visakha Singh
_xBiography.
_93725
650 _97590
700 _96162
_aChandran, Suba D.
700 _aChari, P.R.
_97860
942 _2ddc
_cEN
_mARM
_h355.020954
999 _c39838
_d39838